Європейські столиці, що закінчуються на "Н" - Statistics

General Stats
  • This quiz has been taken 209 times
  • The average score is 5 of 9
Answer Stats
Столица % Correct
Берлін
83%
Лондон
70%
Лісабон
68%
Берн
54%
Дублін
54%
Копенгаген
52%
Таллінн
39%
Відень
29%
Ватикан
28%
No matching quizzes found
Score Distribution
Percent of People with Each Score
Percentile by Number Answered
Your Score History
You have not taken this quiz